Statistics for FIFA 20 Top 10 Left Wingers

Click here to take the quiz!

General Stats

  • This quiz has been taken 16 times
  • The average score is 6 of 10

Answer Stats

Rank Player OVA % Correct
1Neymar92
93%
4Leroy Sané86
93%
2Eden Hazard91
87%
3Sadio Mané88
80%
6Kingsley Coman84
60%
8Douglas Costa84
47%
9Ivan Perisic84
40%
5Philippe Coutinho86
27%
7Felipe Anderson84
20%
10Gonçalo Guedes83
13%

Score Distribution

Percentile by Number Answered

Percent of People with Each Score

Your Score History

You have not taken this quiz